MARC details
| 000 -CABECERA |
| campo de control de longitud fija |
01774nam a22004217a 4500 |
| 001 - NÚMERO DE CONTROL |
| campo de control |
vtls000020296 |
| 003 - IDENTIFICADOR DEL NÚMERO DE CONTROL |
| campo de control |
ES-BaIT |
| 005 - FECHA Y HORA DE LA ÚLTIMA TRANSACCIÓN |
| campo de control |
20211007103632.0 |
| 007 - CAMPO FIJO DE DESCRIPCIÓN FÍSICA--INFORMACIÓN GENERAL |
| campo de control de longitud fija |
t| |
| 008 - DATOS DE LONGITUD FIJA--INFORMACIÓN GENERAL |
| campo de control de longitud fija |
200210s1974 spc|||||| 001 |spa|d |
| 010 ## - NÚMERO DE CONTROL DE LA BIBLIOTECA DEL CONGRESO |
| Número de control de LC |
20296 |
| 020 ## - NÚMERO INTERNACIONAL ESTÁNDAR DEL LIBRO |
| Número Internacional Estándar del Libro |
8434483548 (tomo 3) |
| 020 ## - NÚMERO INTERNACIONAL ESTÁNDAR DEL LIBRO |
| Número Internacional Estándar del Libro |
8434483262 (o.c.) |
| 035 ## - NÚMERO DE CONTROL DEL SISTEMA |
| Número de control de sistema |
0020-29660 |
| -- |
ES-BaIT035 |
| 039 #9 - NIVEL DE CONTROL BIBLIOGRÁFICO Y DETALLES DE CODIFICACIÓN [OBSOLETO] |
| Nivel de reglas en descripción bibliográfica |
202002101554 |
| Nivel de esfuerzo utilizado para asignar no-encabezamientos de materia en puntos de acceso |
VLOAD |
| Nivel de esfuerzo utilizado en la asignación de encabezamientos de materia |
201807311753 |
| Nivel de esfuerzo utilizado para asignar clasificación |
VLOAD |
| Nivel de esfuerzo utilizado en la asignación de encabezamientos de materia |
201701311319 |
| Nivel de esfuerzo utilizado para asignar clasificación |
barrabesfm |
| Nivel de esfuerzo utilizado en la asignación de encabezamientos de materia |
201701271230 |
| Nivel de esfuerzo utilizado para asignar clasificación |
barrabesfm |
| -- |
201110052254 |
| -- |
VLOAD |
| 041 1# - CÓDIGO DE LENGUA |
| Código de lengua del texto/banda sonora o título independiente |
spa |
| Código de lengua original |
eng |
| 043 ## - CÓDIGO DE ÁREA GEOGRÁFICA |
| Código de área geográfica |
e-sp--- |
| Código local GAC |
e-sp--- |
| Fuente del código local |
catmarc |
| 080 ## - NÚMERO DE LA CLASIFICACIÓN DECIMAL UNIVERSAL |
| Número de la Clasificación Decimal Universal |
860(09) |
| 040 ## - FUENTE DE LA CATALOGACIÓN |
| Centro catalogador/agencia de origen |
ES-BaIT |
| Lengua de catalogación |
cat |
| 100 1# - ENTRADA PRINCIPAL--NOMBRE DE PERSONA |
| Nombre de persona |
Wilson, Edward Meryon |
| 9 (RLIN) |
52665 |
| 245 10 - MENCIÓN DE TÍTULO |
| Título |
Siglo de oro : |
| Resto del título |
teatro (1492-1700) / |
| Mención de responsabilidad, etc. |
Edward M. Wilson, Duncan Moir ; [traducción de Carlos Pujol] |
| 260 ## - PUBLICACIÓN, DISTRIBUCIÓN, ETC. |
| Lugar de publicación, distribución, etc. |
Barcelona : |
| Nombre del editor, distribuidor, etc. |
Ariel, |
| Fecha de publicación, distribución, etc. |
1974 |
| 300 ## - DESCRIPCIÓN FÍSICA |
| Extensión |
265 p.; |
| Dimensiones |
21 cm |
| 490 1# - MENCIÓN DE SERIE |
| Mención de serie |
Letras e ideas. |
| -- |
Instrumenta |
| -- |
77019 |
| 490 1# - MENCIÓN DE SERIE |
| Mención de serie |
Historia de la literatura española (Ariel) ; |
| Designación de volumen o secuencia |
3 |
| -- |
58960 |
| 504 ## - NOTA DE BIBLIOGRAFÍA, ETC. |
| Nota de bibliografía, etc. |
Bibliografia. Índex |
| 650 04 - PUNTO DE ACCESO ADICIONAL DE MATERIA--TÉRMINO DE MATERIA |
| Término de materia o nombre geográfico como elemento de entrada |
Literatura castellana |
| Subdivisión cronológica |
1500-1700, Segle d'or |
| Subdivisión general |
Història i crítica |
| 9 (RLIN) |
77022 |
| 650 04 - PUNTO DE ACCESO ADICIONAL DE MATERIA--TÉRMINO DE MATERIA |
| Término de materia o nombre geográfico como elemento de entrada |
Teatre espanyol |
| Subdivisión cronológica |
1500-1700, Segle d'Or |
| Subdivisión general |
Història i crítica |
| 9 (RLIN) |
57884 |
| 700 1# - ENTRADA AGREGADA--NOMBRE PERSONAL |
| Nombre de persona |
Pujol, Carlos, |
| Término indicativo de función/relación |
trad. |
| 9 (RLIN) |
40487 |
| 830 #0 - PUNTO DE ACCESO ADICIONAL DE SERIE-TÍTULO UNIFORME |
| Título uniforme |
Letras e ideas. |
| Nombre de parte o sección de la obra |
Instrumenta |
| 9 (RLIN) |
77019 |
| 830 #0 - PUNTO DE ACCESO ADICIONAL DE SERIE-TÍTULO UNIFORME |
| Título uniforme |
Historia de la literatura española (Ariel) ; |
| Designación de volumen o secuencia |
3 |
| 9 (RLIN) |
58960 |
| 949 ## - PROCESAMIENTO DE INFORMACIÓN LOCAL (OCLC) |
| -- |
VIRTUAITEM |
| -- |
10000 |
| -- |
10000 |
| -- |
1 |
| 6 |
1900009668 |
| a |
5923-N |
| 949 ## - PROCESAMIENTO DE INFORMACIÓN LOCAL (OCLC) |
| -- |
VIRTUAITEM |
| -- |
10040 |
| -- |
10040 |
| -- |
100 |
| 6 |
1900016740 |
| a |
860(09) HIS |
| o |
R.34.631 |
| s |
2700:20180117 |
| 949 ## - PROCESAMIENTO DE INFORMACIÓN LOCAL (OCLC) |
| -- |
VIRTUAITEM |
| -- |
10000 |
| -- |
10000 |
| -- |
1 |
| 6 |
1900009743 |
| a |
6.006-N |
| o |
R.6.006-N |
| 949 ## - PROCESAMIENTO DE INFORMACIÓN LOCAL (OCLC) |
| -- |
VIRTUAITEM |
| -- |
40000 |
| -- |
40000 |
| -- |
1 |
| 6 |
1900002187 |
| a |
860 HIS |
| o |
R.1.475 |
| 998 ## - INFORMACIÓN DE CONTROL LOCAL (RLIN) |
| -- |
VIRTUA |
| 998 ## - INFORMACIÓN DE CONTROL LOCAL (RLIN) |
| -- |
VTLSSORT0070*0080*0200*0201*0350*0410*0430*0800*1000*2450*2600*3000*4400*4401*5040*6500*6501*7000*9110*9992 |